[Event "SVK ECo-C Extraliga 2018-19"]
[Site "Slovakia"]
[Date "2018.11.11"]
[Round "2"]
[White "Petenyi, Tamas"]
[Black "Balog, Imre"]
[Result "1/2-1/2"]
[WhiteElo "2428"]
[BlackElo "2559"]
[Annotator "TA"]
[PlyCount "102"]
[EventDate "2018.11.10"]
[EventType "team-tourn"]
[EventCountry "SVK"]
[SourceTitle "playchess.com"]
[Source "ChessBase"]
[SourceQuality "1"]
[WhiteTeam "Streda"]
[BlackTeam "Podhajska"]

{[%evp 10,102,-10,-18,-22,-43,-59,-78,-53,-87,-24,-25,-25,-26,60,44,61,47,156,135,215,111,112,111,121,127,124,133,127,116,148,136,129,135,149,101,107,95,95,86,116,97,119,112,112,113,141,126,175,172,158,158,165,156,142,124,138,146,168,169,159,140,141,141,141,145,154,157,250,236,251,129,125,129,148,65,74,14,107,42,128,134,134,133,133,58,125,0,0,0,121,0,0,0,113]} 1. g3 e5 2. Bg2 d5 3. d3 Nc6 4. Nf3 f6 5. O-O Be6 6. c3 {LiveBook: 10 Games. A07: Réti Opening: New York and Capablanca Systems} (6. e4 dxe4 7. dxe4 Qxd1 8. Rxd1 Bc5 9. c3 Nge7 10. Nbd2 Rd8 11. Re1 O-O 12. Bf1 Kh8 13. Bc4 Bh3 14. Bf1 Be6 15. Bc4 Bh3 {½-½ (15) Popovic,D (2628)-Roganovic,M (2524) Belgrade 2014}) 6... a5 7. a4 Qd7 8. Re1 $146 {Black is slightly better.} ({Predecessor:} 8. Na3 Bxa3 9. Rxa3 Bh3 10. Qb3 Bxg2 11. Kxg2 Nge7 12. e4 O-O-O 13. Qb5 dxe4 14. dxe4 {1-0 (53) Michna,M (2396)-Scheerer,C (2394) Germany 2012}) 8... Nge7 9. Na3 Rd8 (9... g5 $17) 10. Qc2 $11 Nc8 11. Nb5 Nb8 (11... N6a7 $11) 12. e4 $1 $14 {[%cal Re4d5]} dxe4 $1 13. Rxe4 Be7 {[#]} (13... Bd6 $14) 14. Rxe5 $1 {[%mdl 512]} O-O {[#]} ({But not} 14... fxe5 $2 15. Nxe5 O-O 16. Nxd7 $18) (14... Bf7 $16) 15. Re2 (15. Rxe6 $1 $18 Qxe6 16. Nxc7) 15... Bf7 $16 16. Bf4 Na6 17. Rae1 Rfe8 18. Nd2 c6 19. Nd4 Bc5 20. Rxe8+ Rxe8 21. Rxe8+ Qxe8 22. Be3 Nb6 23. Ne4 Nd5 24. Nf5 Bxe3 25. fxe3 {[%cal Bf2e3,Be3e4][%mdl 32]} ({Don't take} 25. Nxe3 Nxe3 26. fxe3 f5 $14) 25... Qd7 26. Qf2 Be6 27. Nd4 Bg4 28. Qd2 Kh8 29. Nf2 Bh5 30. e4 Nb6 31. b3 Bf7 32. Qb2 Qd8 33. Nf5 Nc8 34. d4 {[%cal Bd3d4,Bd4d5][%mdl 32]} Qb6 35. Qa3 {Threatening mate with Qf8+.} c5 36. d5 Bg6 37. Nh4 Nd6 38. c4 Nb4 (38... Nf7 $16 {might work better.} 39. Qa2 Bh5) 39. Nxg6+ $18 hxg6 {[#]} 40. Qb2 (40. e5 $1 $18 {[%mdl 512]} fxe5 41. Qb2) 40... Nf7 $16 41. Bh3 Qd6 42. Qe2 ({White should try} 42. Be6 $16 Ng5 43. e5 Qxe5 44. Qxe5 fxe5 45. Bh3) 42... Qe5 $1 $14 43. Kg2 (43. Be6 $16 Ng5 44. Bg4) 43... Kh7 (43... Qd4 $11) 44. Bc8 (44. Qd2 $16) 44... Nd6 ({Better is} 44... Qd4 $14) 45. Be6 $16 b6 46. Qg4 $36 {[%mdl 2048] Keeping Black busy.} Nc2 {...Ne3+ is the strong threat.} 47. Qh4+ Qh5 48. Qf4 Qe2 49. Qh4+ Qh5 50. Qf4 {Black must now prevent Ng4.} Qe2 {Hoping for ...Ne3+.} 51. Qh4+ Qh5 {Accuracy: White = 58%, Black = 50%.} 1/2-1/2

[Event "SVK ECo-C Extraliga 2018-19"]
[Site "Slovakia"]
[Date "2018.11.11"]
[Round "2"]
[White "Mazur, Stefan"]
[Black "Markos, Jan"]
[Result "1-0"]
[WhiteElo "2413"]
[BlackElo "2568"]
[Annotator "TA"]
[PlyCount "67"]
[EventDate "2018.11.10"]
[EventType "team-tourn"]
[EventCountry "SVK"]
[SourceTitle "playchess.com"]
[Source "ChessBase"]
[SourceQuality "1"]
[WhiteTeam "Liptovska"]
[BlackTeam "Snina"]

{[%evp 27,67,16,26,24,104,97,86,73,99,81,94,37,81,60,56,53,53,41,54,34,156,151,149,156,156,119,1354,1329,1322,1283,1262,1159,29987,29988,29988,579,618,500,922,691,29975,6214]} 1. e4 c5 2. Nf3 Nc6 3. d4 cxd4 4. Nxd4 e5 5. Nb5 d6 6. N1c3 a6 7. Na3 b5 8. Nd5 Nge7 9. c4 Nd4 10. Bd3 Nxd5 11. cxd5 Be7 12. O-O O-O 13. Be3 Bd7 {B32: Sizilianisch (Löwenthal-Variante)} 14. Qd2 Qb8 {LiveBook: 5 Partien} 15. f4 b4 $146 {[#]} (15... Qb7 $11 {hält das Gleichgewicht.}) ({Vorgänger:} 15... Bd8 16. Bxd4 exd4 17. Nc2 Bf6 18. Rae1 Re8 19. Qf2 Kh8 20. Kh1 Qb6 21. Re2 {1-0 (32) Dominguez Perez,L (2757)-El Gindy,E (2487) Tromsoe 2013}) 16. Nc4 $1 $16 Bb5 17. Bxd4 exd4 18. Na5 Bd8 19. Bxb5 (19. Nc6 $16 Bxc6 20. dxc6) 19... Bxa5 20. Bc6 Ra7 21. Kh1 Bb6 $1 22. Rae1 $36 {[%mdl 2048] Weiss steht aktiver.} Re7 23. e5 Rc8 (23... b3 $1 $14) 24. Qxb4 Bc5 25. Qc4 Qxb2 26. f5 {[%cal Bf4f5,Bf5f6][%mdl 32]} d3 $2 {[%mdl 8192]} (26... Rf8 $16) 27. f6 $18 {[#] jetzt Dg4 und aus.} Rec7 28. Qg4 {[%csl Gf6][%cal Rg4g7]} g6 29. e6 {[%cal Be5e6,Be6f7][%mdl 32] Droht Matt per exf7+.} h5 30. exf7+ Kh7 31. Re7 (31. Qxc8 $142 Rxc8 32. Be8 Kh6 33. f8=Q+ Kg5 34. f7 Rc7 35. Qg8 Be3 36. h4+ Kxh4 37. Qxg6) 31... Rf8 32. Qd1 Rcc8 (32... Ra7 $142 33. Qxd3 Qxa2) 33. Qxd3 Qxa2 34. Re8 {Precision: Weiß = 61%, Schwarz = 21%.} 1-0

[Event "SVK ECo-C Extraliga 2018-19"]
[Site "Slovakia"]
[Date "2018.11.11"]
[Round "2"]
[White "Piesik, Piotr"]
[Black "Stohl, Igor"]
[Result "1/2-1/2"]
[WhiteElo "2407"]
[BlackElo "2503"]
[Annotator "ChessBase"]
[PlyCount "54"]
[EventDate "2018.11.10"]
[EventType "team-tourn"]
[EventCountry "SVK"]
[SourceTitle "playchess.com"]
[Source "ChessBase"]
[SourceQuality "1"]
[WhiteTeam "Dubnica"]
[BlackTeam "Modra"]
[TimeControl "40/5400+30:1800+30"]

1. Nf3 {[%emt 0:00:00]} Nf6 {[%emt 0:00:00]} 2. g3 {[%emt 0:00:02]} g6 {[%emt 0:00:09]} 3. Bg2 {[%emt 0:00:05]} Bg7 {[%emt 0:00:04]} 4. O-O {[%emt 0:00:08]} O-O {[%emt 0:00:09]} 5. d4 {[%emt 0:00:46]} d5 {[%emt 0:00:20]} 6. c4 {[%emt 0:01:16]} dxc4 {[%emt 0:00:45]} 7. Na3 {[%emt 0:00:12]} c5 {[%emt 0:00:29]} 8. Nxc4 {[%emt 0:01:52]} Be6 {[%emt 0:01:33]} 9. b3 {[%emt 0:03:14]} Nc6 {[%emt 0:00:55]} 10. Bb2 {[%emt 0:01:33]} cxd4 {[%emt 0:02:02]} 11. Nxd4 {[%emt 0:02:40]} Nxd4 {[%emt 0:00:41]} 12. Qxd4 {[%emt 0:02:13]} Qxd4 {[%emt 0:05:18]} 13. Bxd4 {[%emt 0:00:48]} Nd5 {[%emt 0:00:32]} 14. Bxg7 {[%emt 0:07:51]} Kxg7 {[%emt 0:00:36]} 15. Bxd5 {[%emt 0:19:32]} Bxd5 {[%emt 0:00:10]} 16. Ne3 {[%emt 0:00:01]} Be6 {[%emt 0:05:54]} 17. Rfc1 {[%emt 0:03:01]} Rfc8 {[%emt 0:00:53]} 18. Kf1 {[%emt 0:02:28]} a5 {[%emt 0:05:23]} 19. Rxc8 {[%emt 0:05:38]} Rxc8 {[%emt 0:00:20]} 20. Ke1 {[%emt 0:00:04]} Kf6 {[%emt 0:06:59]} 21. Rb1 {[%emt 0:06:21]} g5 {[%emt 0:08:52]} 22. Kd2 {[%emt 0:02:20]} b5 {[%emt 0:04:34]} 23. b4 {[%emt 0:02:40]} axb4 {[%emt 0:07:31]} 24. Rxb4 {[%emt 0:00:08]} Ra8 {[%emt 0:00:09]} 25. Rxb5 {[%emt 0:02:09]} Rxa2+ {[%emt 0:00:11]} 26. Kd3 {[%emt 0:01:31]} Ra3+ {[%emt 0:06:09]} 27. Kd2 {[%emt 0:02:42]} Ra2+ {[%emt 0:01:02]} 1/2-1/2

[Event "SVK ECo-C Extraliga 2018-19"]
[Site "Slovakia"]
[Date "2018.11.11"]
[Round "2"]
[White "Manik, Mikulas"]
[Black "Petrik, Tomas"]
[Result "1/2-1/2"]
[WhiteElo "2404"]
[BlackElo "2476"]
[Annotator "ChessBase"]
[PlyCount "41"]
[EventDate "2018.11.10"]
[EventType "team-tourn"]
[EventCountry "SVK"]
[SourceTitle "playchess.com"]
[Source "ChessBase"]
[SourceQuality "1"]
[WhiteTeam "Prakovce"]
[BlackTeam "Zilina"]
[TimeControl "40/5400+30:1800+30"]

1. e4 {[%emt 0:00:00]} e6 {[%emt 0:00:25]} 2. d4 {[%emt 0:00:00]} d5 {[%emt 0:00:08]} 3. Nc3 {[%emt 0:00:00]} Bb4 {[%emt 0:00:24]} 4. e5 {[%emt 0:00:00]} Ne7 {[%emt 0:00:12]} 5. a3 {[%emt 0:00:00]} Bxc3+ {[%emt 0:00:08]} 6. bxc3 {[%emt 0:00:00]} c5 {[%emt 0:00:35]} 7. Qg4 {[%emt 0:00:00]} Qc7 {[%emt 0:03:09]} 8. Qxg7 {[%emt 0:01:16]} Rg8 {[%emt 0:03:23]} 9. Qxh7 {[%emt 0:00:03]} cxd4 {[%emt 0:00:12]} 10. Ne2 {[%emt 0:00:11]} Nbc6 {[%emt 0:00:39]} 11. f4 {[%emt 0:00:38]} dxc3 {[%emt 0:01:53]} 12. h4 {[%emt 0:07:10]} Bd7 {[%emt 0:05:40]} 13. h5 {[%emt 0:01:46]} O-O-O {[%emt 0:02:16]} 14. Qd3 {[%emt 0:05:55]} d4 {[%emt 0:03:16]} 15. h6 {[%emt 0:12:19]} Rg6 {[%emt 0:01:52]} 16. h7 {[%emt 0:08:07]} Rh8 {[%emt 0:00:28]} 17. Nxd4 {[%emt 0:08:54]} Nxd4 {[%emt 0:03:17]} 18. Qxd4 {[%emt 0:02:04]} Bc6 {[%emt 0:00:51]} 19. Kf2 {[%emt 0:09:27]} Qa5 {[%emt 0:45:49]} 20. Be3 {[%emt 0:23:57]} Rg7 {[%emt 0:18:37]} 21. Qxa7 {[%emt 0:08:46]} 1/2-1/2

[Event "SVK ECo-C Extraliga 2018-19"]
[Site "Slovakia"]
[Date "2018.11.11"]
[Round "2"]
[White "Grubisic, Ilija"]
[Black "Kourousis, Epaminondas"]
[Result "1/2-1/2"]
[WhiteElo "2370"]
[BlackElo "2391"]
[Annotator "NA"]
[PlyCount "44"]
[EventDate "2018.11.10"]
[EventType "team-tourn"]
[EventCountry "SVK"]
[SourceTitle "playchess.com"]
[Source "ChessBase"]
[SourceQuality "1"]
[WhiteTeam "Slovan"]
[BlackTeam "Komarno"]
[TimeControl "40/5400+30:1800+30"]

1. e4 {[%emt 0:00:00]} c5 {[%emt 0:00:13]} 2. c3 {[%emt 0:00:00]} Nf6 {[%emt 0:00:14]} 3. e5 {[%emt 0:00:00]} Nd5 {[%emt 0:00:09]} 4. Nf3 {[%emt 0:00:10]} e6 {[%emt 0:00:57]} 5. d4 {[%emt 0:01:01]} cxd4 {[%emt 0:00:24]} 6. cxd4 {[%emt 0:01:05]} d6 {[%emt 0:00:26]} 7. Bc4 {[%emt 0:01:49]} Nc6 {[%emt 0:00:20]} 8. O-O {[%emt 0:00:41]} Be7 {[%emt 0:00:09]} 9. Qe2 {[%emt 0:02:45]} O-O {[%emt 0:00:22]} 10. Rd1 {[%emt 0:04:38]} b6 {[%emt 0:00:25]} 11. Qe4 {[%emt 0:13:11]} Bb7 {[%emt 0:02:17]} 12. Qg4 {[%emt 0:02:52]} dxe5 {[%emt 0:07:36]} 13. Bxd5 {[%emt 0:03:00]} exd5 {[%emt 0:05:55]} 14. dxe5 {[%emt 0:00:15]} Qc8 {[%emt 0:05:06]} 15. Qxc8 {[%emt 0:12:10]} Raxc8 {[%emt 0:00:08]} 16. Nc3 {[%emt 0:00:11]} Rfd8 {[%emt 0:31:43]} 17. Nxd5 {[%emt 0:01:59]} Bc5 {[%emt 0:09:33]} 18. Bg5 {[%emt 0:05:42]} Re8 {[%emt 0:00:17]} 19. Bf4 {[%emt 0:00:21]} Red8 {[%emt 0:08:37]} 20. Bg5 {[%emt 0:06:54]} Re8 {[%emt 0:00:23]} 21. Bf4 {[%emt 0:00:20]} Red8 {[%emt 0:00:23]} 22. Bg5 {[%emt 0:01:11]} Re8 1/2-1/2

[Event "SVK ECo-C Extraliga 2018-19"]
[Site "Slovakia"]
[Date "2018.11.11"]
[Round "2"]
[White "Jablonicky, Martin"]
[Black "Antoniewski, Rafal"]
[Result "1/2-1/2"]
[WhiteElo "2330"]
[BlackElo "2521"]
[Annotator "TA"]
[PlyCount "69"]
[EventDate "2018.11.10"]
[EventType "team-tourn"]
[EventCountry "SVK"]
[SourceTitle "playchess.com"]
[Source "ChessBase"]
[SourceQuality "1"]
[WhiteTeam "Osuske"]
[BlackTeam "Dunajov"]

{[%evp 17,69,8,17,-9,0,0,0,-27,-1,2,0,30,24,-9,65,66,68,81,80,41,44,3,-16,-30,-22,-56,-45,-54,-58,-259,-20,-46,-43,-56,-42,-60,-52,-62,-37,-66,-73,-71,-19,-21,-19,-21,0,-22,0,0,0,-16,12,0]} 1. e4 c5 2. Nf3 d6 3. d4 cxd4 4. Nxd4 Nf6 5. Nc3 Nc6 6. Bc4 Qb6 7. Nb3 e6 8. Be3 Qc7 9. Be2 a6 {LiveBook: 18 Games. B57: Classical Sicilian: Sozin with 6...Qb6} (9... Be7 10. O-O a6 11. a4 b6 12. f4 Bb7 13. Nd2 O-O 14. Nc4 Nd7 15. Qd2 Nb4 16. a5 b5 17. Nb6 Nxb6 18. Bxb6 {½-½ (26) Dvalishvili,P (2480)-Korotylev,A (2587) Moscow 2009}) 10. g4 b5 11. g5 Nd7 12. f4 $146 ({Predecessor:} 12. Qd2 Bb7 13. a3 Nce5 14. Qd4 Nc5 15. f4 Nc6 16. Qd2 Nxb3 17. cxb3 {0-1 (39) Renteria Becerra,J (2215)-Bitoon,R Roque Saenz Pena 1997}) 12... Bb7 13. Qd2 Rc8 14. a3 Be7 15. O-O-O b4 (15... Nc5 $11) 16. axb4 $14 Nxb4 17. Kb1 {Threatens to win with Qd4.} O-O 18. h4 {[%cal Bh2h4,Bh4h5][%mdl 32]} Rfd8 19. h5 d5 20. g6 dxe4 21. gxf7+ Kxf7 {aiming for ...Nf6.} 22. Nd4 Nf6 {[#] And now ...Bd5 would win.} 23. Qe1 $2 (23. Rhg1 $1 $15) 23... Qa5 $2 (23... Bd5 $19 {White must now prevent ...Qa5.} 24. Rg1 Qa5) 24. Nb3 $11 Rxd1+ 25. Qxd1 Qd8 26. Qxd8 Rxd8 27. Na5 Ba8 28. Nc4 Nbd5 29. Ne5+ Kf8 (29... Ke8 $17 30. Nxd5 Nxd5) 30. Nxd5 {The position is equal.} Nxd5 31. Bc1 Bb7 32. Bg4 Nc7 33. Be3 Nd5 34. Bc1 Nc7 35. Be3 {Precision: White = 39%, Black = 35%.} 1/2-1/2

[Event "SVK ECo-C Extraliga 2018-19"]
[Site "Slovakia"]
[Date "2018.11.11"]
[Round "2"]
[White "Jacko, Vladimir"]
[Black "Nayhebaver, Martin"]
[Result "1-0"]
[WhiteElo "2330"]
[BlackElo "2462"]
[Annotator "ChessBase"]
[PlyCount "85"]
[EventDate "2018.11.10"]
[EventType "team-tourn"]
[EventCountry "SVK"]
[SourceTitle "playchess.com"]
[Source "ChessBase"]
[SourceQuality "1"]
[WhiteTeam "Prakovce"]
[BlackTeam "Zilina"]
[TimeControl "40/5400+30:1800+30"]

1. d4 {[%emt 0:00:32]} Nf6 {[%emt 0:00:00]} 2. c4 {[%emt 0:00:43]} e6 {[%emt 0:00:26]} 3. Nf3 {[%emt 0:08:41]} b6 {[%emt 0:00:49]} 4. Bg5 {[%emt 0:00:33]} Bb7 {[%emt 0:01:30]} 5. Nbd2 {[%emt 0:00:30]} c5 {[%emt 0:02:23]} 6. e3 {[%emt 0:00:07]} h6 {[%emt 0:00:33]} 7. Bh4 {[%emt 0:01:13]} Nc6 {[%emt 0:10:52]} 8. d5 {[%emt 0:21:05]} exd5 {[%emt 0:00:26]} 9. cxd5 {[%emt 0:00:02]} Nb4 {[%emt 0:00:57]} 10. e4 {[%emt 0:01:51]} g5 {[%emt 0:02:26]} 11. Bg3 {[%emt 0:07:04]} Qe7 {[%emt 0:01:08]} 12. Ne5 {[%emt 0:33:20]} Bg7 {[%emt 0:25:23]} 13. d6 {[%emt 0:01:05]} Qd8 {[%emt 0:00:50]} 14. a3 {[%emt 0:00:48]} Nc6 {[%emt 0:01:56]} 15. Nec4 {[%emt 0:03:27]} Nd4 {[%emt 0:02:17]} 16. Bd3 {[%emt 0:00:22]} b5 {[%emt 0:01:59]} 17. Ne3 {[%emt 0:00:14]} Qb6 {[%emt 0:01:09]} 18. O-O {[%emt 0:01:11]} O-O-O {[%emt 0:11:57]} 19. a4 {[%emt 0:00:10]} a6 {[%emt 0:00:12]} 20. axb5 {[%emt 0:00:20]} axb5 {[%emt 0:00:07]} 21. Nc2 {[%emt 0:10:52]} Nc6 {[%emt 0:06:01]} 22. Re1 {[%emt 0:00:47]} c4 {[%emt 0:01:14]} 23. Bf1 {[%emt 0:01:20]} h5 {[%emt 0:00:11]} 24. h3 {[%emt 0:00:34]} h4 {[%emt 0:02:08]} 25. Bh2 {[%emt 0:00:03]} Nh5 {[%emt 0:00:51]} 26. Ne3 {[%emt 0:00:40]} Be5 {[%emt 0:01:07]} 27. Bxc4 {[%emt 0:01:22]} Bxh2+ {[%emt 0:01:16]} 28. Kxh2 {[%emt 0:00:01]} bxc4 {[%emt 0:00:12]} 29. Ndxc4 {[%emt 0:00:09]} Qb5 {[%emt 0:03:32]} 30. Ra3 Qc5 {[%emt 0:02:20]} 31. Rc3 {[%emt 0:02:44]} Nf4 {[%emt 0:01:32]} 32. Qa4 {[%emt 0:00:51]} Kb8 {[%emt 0:01:29]} 33. Ra1 {[%emt 0:00:44]} Qa7 {[%emt 0:02:50]} 34. Qd1 {[%emt 0:01:06]} Qd4 {[%emt 0:00:08]} 35. Qc2 {[%emt 0:01:24]} Rhe8 {[%emt 0:00:42]} 36. Rb3 {[%emt 0:00:34]} Nd3 {[%emt 0:11:51]} 37. Qxd3 {[%emt 0:00:49]} Qxd3 {[%emt 0:00:14]} 38. Rxd3 {[%emt 0:00:01]} Rxe4 {[%emt 0:00:11]} 39. Rb3 {[%emt 0:00:35]} Nd4 {[%emt 0:02:02]} 40. Rb6 {[%emt 0:00:55]} Nc2 {[%emt 0:00:10]} 41. Raa6 {[%emt 0:31:05]} Kc8 {[%emt 0:32:33]} 42. Ra7 {[%emt 0:00:00]} Nxe3 {[%emt 0:00:00]} 43. Nxe3 {[%emt 0:00:00]} 1-0

[Event "SVK ECo-C Extraliga 2018-19"]
[Site "Slovakia"]
[Date "2018.11.11"]
[Round "2"]
[White "Zvarik, Martin"]
[Black "Zambor, Norbert"]
[Result "0-1"]
[WhiteElo "2329"]
[BlackElo "2253"]
[Annotator "NA"]
[PlyCount "70"]
[EventDate "2018.11.10"]
[EventType "team-tourn"]
[EventCountry "SVK"]
[SourceTitle "playchess.com"]
[Source "ChessBase"]
[SourceQuality "1"]
[WhiteTeam "Zilina"]
[BlackTeam "Prakovce"]
[TimeControl "40/5400+30:1800+30"]

1. d4 {[%emt 0:01:04]} Nf6 {[%emt 0:00:19]} 2. Bg5 {[%emt 0:00:30]} e6 {[%emt 0:00:28]} 3. Nd2 {[%emt 0:01:58]} c5 {[%emt 0:05:18]} 4. e3 {[%emt 0:01:43]} d5 {[%emt 0:03:29]} 5. c3 {[%emt 0:02:36]} Nc6 {[%emt 0:00:20]} 6. Bd3 {[%emt 0:09:30]} e5 {[%emt 0:04:52]} 7. dxc5 {[%emt 0:09:48]} Bxc5 {[%emt 0:01:46]} 8. b4 {[%emt 0:02:59]} Be7 {[%emt 0:07:54]} 9. Ne2 {[%emt 0:06:49]} Be6 {[%emt 0:04:50]} 10. a3 {[%emt 0:06:34]} Rc8 {[%emt 0:04:14]} 11. Rc1 {[%emt 0:11:19]} a5 {[%emt 0:06:15]} 12. O-O {[%emt 0:09:56]} O-O {[%emt 0:04:33]} 13. Bb1 {[%emt 0:03:45]} h6 {[%emt 0:02:04]} 14. Bh4 {[%emt 0:04:30]} Re8 {[%emt 0:11:46]} 15. Kh1 {[%emt 0:05:12]} axb4 {[%emt 0:14:30]} 16. cxb4 {[%emt 0:01:41]} Ra8 {[%emt 0:10:51]} 17. Qb3 {[%emt 0:04:05]} d4 {[%emt 0:01:36]} 18. Qb2 {[%emt 0:01:49]} dxe3 {[%emt 0:01:50]} 19. fxe3 {[%emt 0:01:03]} Ng4 {[%emt 0:01:46]} 20. Bxe7 {[%emt 0:02:09]} Qxe7 {[%emt 0:02:27]} 21. Rf3 {[%emt 0:00:09]} Qh4 {[%emt 0:02:34]} 22. Nf1 {[%emt 0:00:28]} Bd5 {[%emt 0:04:04]} 23. Rg3 {[%emt 0:01:24]} Nf2+ {[%emt 0:00:07]} 24. Kg1 {[%emt 0:00:03]} Ne4 {[%emt 0:00:04]} 25. Bxe4 {[%emt 0:05:03]} Bxe4 {[%emt 0:00:26]} 26. Rc4 {[%emt 0:00:27]} b5 {[%emt 0:02:24]} 27. Rc5 {[%emt 0:00:32]} Qf6 {[%emt 0:01:50]} 28. Nd2 {[%emt 0:00:57]} Bd3 {[%emt 0:00:32]} 29. Nf4 {[%emt 0:00:38]} Nd4 {[%emt 0:00:19]} 30. exd4 {[%emt 0:01:10]} exf4 {[%emt 0:00:50]} 31. Rxd3 {[%emt 0:00:13]} Re2 {[%emt 0:00:23]} 32. Rf3 {[%emt 0:01:53]} Rae8 {[%emt 0:00:32]} 33. Re5 {[%emt 0:02:04]} R8xe5 {[%emt 0:00:13]} 34. dxe5 {[%emt 0:00:07]} Qg6 {[%emt 0:00:21]} 35. Rf2 {[%emt 0:00:38]} Qb6 {[%emt 0:00:17]} 0-1

[Event "SVK ECo-C Extraliga 2018-19"]
[Site "Slovakia"]
[Date "2018.11.11"]
[Round "2"]
[White "Vass, Frantisek"]
[Black "Czebe, Attila"]
[Result "0-1"]
[WhiteElo "2324"]
[BlackElo "2401"]
[Annotator "NA"]
[PlyCount "106"]
[EventDate "2018.11.10"]
[EventType "team-tourn"]
[EventCountry "SVK"]
[SourceTitle "playchess.com"]
[Source "ChessBase"]
[SourceQuality "1"]
[WhiteTeam "Podhajska"]
[BlackTeam "Streda"]
[TimeControl "40/5400+30:1800+30"]

1. d4 {[%emt 0:00:00]} Nf6 {[%emt 0:00:00]} 2. Nf3 {[%emt 0:00:00]} g6 {[%emt 0:00:00]} 3. c4 {[%emt 0:00:09]} d6 {[%emt 0:00:02]} 4. Nc3 {[%emt 0:00:08]} Bf5 {[%emt 0:00:05]} 5. Qb3 {[%emt 0:01:44]} b6 {[%emt 0:00:13]} 6. h3 {[%emt 0:01:23]} Bg7 {[%emt 0:03:08]} 7. g4 {[%emt 0:00:22]} Bd7 {[%emt 0:01:44]} 8. Bg2 {[%emt 0:02:41]} Nc6 {[%emt 0:00:45]} 9. Qc2 {[%emt 0:04:52]} a6 {[%emt 0:07:00]} 10. Bg5 {[%emt 0:05:01]} h5 {[%emt 0:01:42]} 11. gxh5 {[%emt 0:00:12]} Nxh5 {[%emt 0:00:13]} 12. Qd2 {[%emt 0:00:37]} Qb8 {[%emt 0:02:38]} 13. b3 {[%emt 0:12:57]} b5 {[%emt 0:03:48]} 14. Rc1 {[%emt 0:08:45]} bxc4 {[%emt 0:02:34]} 15. bxc4 {[%emt 0:00:06]} Ra7 {[%emt 0:10:36]} 16. Nd5 {[%emt 0:24:09]} Rb7 {[%emt 0:01:59]} 17. Qe3 {[%emt 0:01:22]} O-O {[%emt 0:16:39]} 18. O-O {[%emt 0:14:23]} Re8 {[%emt 0:05:36]} 19. Nf4 {[%emt 0:12:33]} Nxf4 {[%emt 0:01:07]} 20. Qxf4 {[%emt 0:02:45]} e5 {[%emt 0:02:35]} 21. dxe5 {[%emt 0:00:55]} dxe5 {[%emt 0:00:14]} 22. Qe4 {[%emt 0:01:03]} Rb6 {[%emt 0:00:41]} 23. c5 {[%emt 0:00:25]} Rb4 {[%emt 0:03:52]} 24. Qd5 {[%emt 0:01:32]} Qc8 {[%emt 0:00:09]} 25. Kh2 {[%emt 0:03:44]} e4 {[%emt 0:01:08]} 26. Ng1 {[%emt 0:00:07]} Bd4 {[%emt 0:11:21]} 27. Bf4 {[%emt 0:00:40]} Ne7 {[%emt 0:00:13]} 28. Qxe4 {[%emt 0:00:45]} Bc6 {[%emt 0:00:38]} 29. Qd3 {[%emt 0:00:10]} Bxg2 {[%emt 0:02:00]} 30. Kxg2 {[%emt 0:00:01]} Qe6 {[%emt 0:01:36]} 31. a3 {[%emt 0:00:54]} Ra4 {[%emt 0:01:00]} 32. Rc2 {[%emt 0:00:40]} Nf5 {[%emt 0:00:39]} 33. Nf3 {[%emt 0:00:05]} Bxf2 {[%emt 0:00:53]} 34. Rxf2 {[%emt 0:01:04]} Rxf4 {[%emt 0:00:08]} 35. Kh2 {[%emt 0:00:20]} Qe3 {[%emt 0:06:37]} 36. Qxe3 {[%emt 0:00:43]} Rxe3 {[%emt 0:00:07]} 37. Ra2 {[%emt 0:00:28]} Rc3 {[%emt 0:00:26]} 38. Rf1 {[%emt 0:00:32]} Rxc5 {[%emt 0:00:36]} 39. Rd1 {[%emt 0:00:06]} Re4 {[%emt 0:01:50]} 40. Rd7 {[%emt 0:00:14]} Nd6 {[%emt 0:01:40]} 41. Kg2 {[%emt 0:07:20]} Kf8 {[%emt 0:01:02]} 42. Rd8+ {[%emt 0:00:11]} Ke7 {[%emt 0:00:06]} 43. Ra8 {[%emt 0:00:11]} Ra4 {[%emt 0:00:51]} 44. Ne1 {[%emt 0:05:15]} a5 {[%emt 0:15:02]} 45. Nd3 {[%emt 0:08:08]} Rg5+ {[%emt 0:00:17]} 46. Kf3 {[%emt 0:00:56]} Rh4 {[%emt 0:01:12]} 47. Nf2 {[%emt 0:00:21]} Nf5 {[%emt 0:02:48]} 48. e4 {[%emt 0:04:01]} Rg3+ {[%emt 0:00:56]} 49. Ke2 {[%emt 0:00:03]} Nd4+ {[%emt 0:00:21]} 50. Kf1 {[%emt 0:00:33]} Rh5 {[%emt 0:02:04]} 51. Rd2 {[%emt 0:00:57]} Ne6 {[%emt 0:00:06]} 52. Rd5 {[%emt 0:08:31]} Rxa3 {[%emt 0:00:14]} 53. Ra7 {[%emt 0:00:21]} Ra1+ {[%emt 0:04:36]} 0-1